Aspects of the theory of heat resistance of metals and alloys (Record no. 34920)

MARC details
000 -LEADER
fixed length control field 00558nam a2200133 a 4500
008 - FIXED-LENGTH DATA ELEMENTS--GENERAL INFORMATION
fixed length control field 120416s1961 ||||||||||||||||| || u
050 ## - LIBRARY OF CONGRESS CALL NUMBER
Classification number TN 700 Osi
100 ## - MAIN ENTRY--PERSONAL NAME
Personal name Osipov, K. A
245 10 - TITLE STATEMENT
Title Aspects of the theory of heat resistance of metals and alloys
Statement of responsibility, etc. translated by Dr. P. Munch
260 ## - PUBLICATION, DISTRIBUTION, ETC.
Place of publication, distribution, etc. Jerusalem
Name of publisher, distributor, etc. Israel Program for Scientific Translation
Date of publication, distribution, etc. 1961
300 ## - PHYSICAL DESCRIPTION
Extent [vi], 249p. : ill.
350 ## - PRICE (NR) (BK AM CF MU VM SE) [OBSOLETE]
Price 0.00
995 ## - RECOMMENDATION 995 [LOCAL, UNIMARC FRANCE]
-- 0.00
-- CBU-MAIN LIBRARY (Kitwe)
-- 1
-- 7.35
-- AVAILABLE
-- Annex Low-Usage Collection
Holdings
Withdrawn status Lost status Source of classification or shelving scheme Damaged status Not for loan Home library Current library Shelving location Date acquired Total Checkouts Full call number Barcode Date last seen Price effective from Koha item type
          CBU-MAIN LIBRARY, KITWE. CBU-MAIN LIBRARY, KITWE.   11/30/2022   TN 700 Osi 016853 11/30/2022 11/30/2022 MONOGRAPH